000 00253nam a2200121Ia 4500
100 _aPeck/ W.G
942 _cBK
654 _aWork
245 _aBench Work & Fitting
260 _bSir ISAAC Pitman & Sons Ltd.
_c2001
300 _a74
546 _aENGLISH
999 _c25966
_d25966